[Event "Tambov Korensky Memorial 20th"]
[Site "Tambov"]
[Date "2011.08.28"]
[Round "9"]
[White "Korensky, Sergey"]
[Black "Kochkin, Alexander G"]
[Result "1/2-1/2"]
[WhiteElo "2249"]
[BlackElo "2296"]
[PlyCount "154"]
[EventDate "2011.08.20"]
[EventType "swiss"]
[EventRounds "9"]
[EventCountry "RUS"]
[SourceTitle "CBM 144 Extra"]
[Source "ChessBase"]
[SourceDate "2011.10.28"]
[SourceVersion "1"]
[SourceVersionDate "2011.10.28"]
[SourceQuality "1"]

1. e4 e5 2. Nf3 Nc6 3. Bb5 f5 4. d3 fxe4 5. dxe4 Nf6 6. 0-0 d6 7. Qd3 Be7 8. Nc3 Bg4 9. a3 Bxf3 10. Qxf3 0-0 11. Qh3 Nd4 12. Bc4+ Kh8 13. Bd3 Qc8 14. Qxc8 Raxc8 15. Nd5 Nxd5 16. exd5 c5 17. dxc6 Rxc6 18. c4 Nb3 19. Rb1 Nxc1 20. Rbxc1 Bd8 21. Be4 Rc8 22. b4 b6 23. Rfd1 Be7 24. Rc3 g6 25. Kf1 Rc7 26. Ke2 Rfc8 27. Rdc1 Kg7 28. Bd5 Bg5 29. R1c2 Bf6 30. Be4 Be7 31. Kd3 Bf6 32. g3 Kf8 33. h4 Kg7 34. f3 Be7 35. b5 Rc5 36. Bd5 Rf8 37. Ke4 Kf6 38. a4 Bd8 39. Rf2 Kg7 40. Rc1 Be7 41. Ra1 Bd8 42. Rfa2 Kf6 43. Rh1 h6 44. h5 g5 45. Rha1 Ke7 46. Rf1 Rc8 47. Raf2 Bc7 48. f4 gxf4 49. gxf4 exf4 50. Rxf4 Rxf4+ 51. Rxf4 Rf8 52. Rg4 Re8 53. Bc6 Rf8 54. Rg7+ Rf7 55. Rxf7+ Kxf7 56. Kf5 Bd8 57. Bd5+ Ke8 58. Ke6 Bg5 59. Kxd6 Kd8 60. Be6 Be3 61. Kc6 Bf2 62. Kb7 Be3 63. Kxa7 Kc7 64. Ka6 Bc5 65. Bd5 Be3 66. a5 bxa5 67. Kxa5 Bd2+ 68. Ka6 Be3 69. Ka5 Bd2+ 70. Ka4 Kb6 71. Kb3 Be3 72. Kc3 Kc5 73. Kd3 Bc1 74. Ke4 Bd2 75. Kf5 Be3 76. Ke6 Kb6 77. Kd7 Bc5 1/2-1/2

[Event "Tambov Korensky Memorial 19th"]
[Site "Tambov"]
[Date "2010.08.25"]
[Round "5"]
[White "Morozov, Grigory"]
[Black "Kochkin, Alexander G"]
[Result "0-1"]
[WhiteElo "2370"]
[BlackElo "2279"]
[PlyCount "55"]
[EventDate "2010.08.21"]
[EventType "swiss"]
[EventRounds "9"]
[EventCountry "RUS"]
[SourceTitle "EXT 2022"]
[Source "ChessBase"]
[SourceDate "2021.10.06"]
[SourceVersion "1"]
[SourceVersionDate "2021.10.06"]
[SourceQuality "1"]

1. d4 d5 2. Nf3 c5 3. dxc5 e6 4. e4 Bxc5 5. exd5 exd5 6. Nbd2 Qb6 7. Qe2+ Ne7 8. Nb3 Bd6 9. Be3 Qc7 10. Nfd4 a6 11. g3 Nbc6 12. Bg2 0-0 13. 0-0 Re8 14. Rad1 Ne5 15. h3 Bd7 16. Qh5 Rad8 17. Bd2 Nc4 18. Bc3 Be5 19. Rfe1 Bf6 20. f4 g6 21. Qf3 Bg7 22. Kh2 Nd6 23. Qd3 h5 24. Bb4 h4 25. g4 Ne4 26. Bxe4 Qxf4+ 27. Kg1 dxe4 28. Rxe4 0-1

[Event "Tambov Korensky Memorial 18th"]
[Site "Tambov"]
[Date "2009.08.28"]
[Round "7"]
[White "Kochkin, Alexander G"]
[Black "Schirov, Sergey"]
[Result "1-0"]
[WhiteElo "2294"]
[BlackElo "1974"]
[PlyCount "103"]
[EventDate "2009.08.22"]
[EventType "swiss"]
[EventRounds "9"]
[EventCountry "RUS"]
[SourceTitle "CBM 132 Extra"]
[Source "ChessBase"]
[SourceDate "2009.11.03"]
[SourceVersion "1"]
[SourceVersionDate "2009.11.03"]
[SourceQuality "1"]

1. Nf3 c5 2. c4 Nf6 3. Nc3 Nc6 4. d4 cxd4 5. Nxd4 g6 6. e4 d6 7. Be2 Bg7 8. Be3 Bd7 9. 0-0 0-0 10. Qd2 Rc8 11. f3 a6 12. Rac1 Qa5 13. Rfd1 Qh5 14. b3 Rfd8 15. Nc2 Be6 16. Nd5 Re8 17. Bg5 h6 18. Nxf6+ exf6 19. Bf4 g5 20. Bg3 Qg6 21. Ne3 h5 22. Bxd6 f5 23. exf5 Bxf5 24. Nxf5 Qxf5 25. Bd3 Qf6 26. Be4 g4 27. Qf4 Qxf4 28. Bxf4 Rcd8 29. Bg5 Rd4 30. Bxc6 bxc6 31. Rxd4 Bxd4+ 32. Kf1 gxf3 33. gxf3 f6 34. Bf4 Kf7 35. Re1 Rg8 36. Be3 Be5 37. f4 Bb8 38. Kf2 Re8 39. Kf3 Kg6 40. Rd1 Kf5 41. Rd7 a5 42. Rb7 Bd6 43. c5 Bf8 44. Rc7 Re6 45. a3 Bh6 46. Rh7 Kg6 47. f5+ Kxh7 48. fxe6 Bf8 49. b4 axb4 50. axb4 Kg6 51. b5 Kf5 52. b6 1-0

[Event "Tambov Korensky Memorial 17th"]
[Site "Tambov"]
[Date "2008.08.30"]
[Round "9"]
[White "Kochkin, Alexander G"]
[Black "Korensky, Sergey"]
[Result "1-0"]
[WhiteElo "2297"]
[BlackElo "2238"]
[PlyCount "78"]
[EventDate "2008.08.23"]
[EventType "swiss"]
[EventRounds "9"]
[EventCountry "RUS"]
[SourceTitle "CBM 126 Extra"]
[Source "ChessBase"]
[SourceDate "2008.11.05"]
[SourceVersion "1"]
[SourceVersionDate "2008.11.05"]
[SourceQuality "1"]

1. d4 Nf6 2. Nf3 d5 3. c4 e6 4. Nc3 Be7 5. Bg5 0-0 6. e3 Nbd7 7. Rc1 a6 8. c5 c6 9. Bd3 e5 10. dxe5 Ne8 11. h4 Nxc5 12. Bb1 f5 13. Nxd5 cxd5 14. Rxc5 Be6 15. Nd4 Bf7 16. Bxf5 Nf6 17. Rc1 Ne4 18. Bxe4 dxe4 19. Bxe7 Qxe7 20. e6 Be8 21. h5 Qg5 22. g4 Rd8 23. Qb3 Rxd4 24. e7+ Rf7 25. Rc8 Qxe7 26. exd4 Kh8 27. 0-0 Qd7 28. Rfc1 Rf3 29. Rxe8+ Qxe8 30. Qc4 Rf8 31. Qe2 Qe6 32. Re1 Rf4 33. f3 Qf6 34. Qc4 Qf8 35. Qc5 Qb8 36. Qe5 Qxe5 37. dxe5 exf3 38. Kf2 Kg8 39. Rc1 Rxg4 1-0

[Event "Tambov Korensky Memorial 17th"]
[Site "Tambov"]
[Date "2008.08.25"]
[Round "4"]
[White "Pecheritsa, Vitaly"]
[Black "Kochkin, Alexander G"]
[Result "1/2-1/2"]
[WhiteElo "2308"]
[BlackElo "2297"]
[PlyCount "44"]
[EventDate "2008.08.23"]
[EventType "swiss"]
[EventRounds "9"]
[EventCountry "RUS"]
[SourceTitle "CBM 126 Extra"]
[Source "ChessBase"]
[SourceDate "2008.11.05"]
[SourceVersion "1"]
[SourceVersionDate "2008.11.05"]
[SourceQuality "1"]

1. e4 e5 2. Nf3 Nc6 3. Bb5 f5 4. Nc3 Nf6 5. exf5 Bc5 6. Qe2 Qe7 7. Bxc6 dxc6 8. Nxe5 Bxf5 9. 0-0 0-0-0 10. Re1 Rhe8 11. d3 Bd6 12. d4 c5 13. Nb5 Kb8 14. Bg5 cxd4 15. Nxd6 Qxd6 16. Qb5 a6 17. Nc6+ Qxc6 18. Qxf5 Rxe1+ 19. Rxe1 Re8 20. Rxe8+ Qxe8 21. h3 Qe1+ 22. Kh2 Qe4 1/2-1/2